| 000 | 01029nam a22003137a 4500 | ||
|---|---|---|---|
| 001 | 7476 | ||
| 003 | FISKH | ||
| 005 | 20250718142646.0 | ||
| 008 | 250718b cb ||||| |||| 00| 0 eng d | ||
| 020 | _a9780590457828 | ||
| 040 |
_aFISKH _beng _cFISKH _dFISKH |
||
| 050 | _aPZ7.T3 P | ||
| 082 | _a813 | ||
| 100 | _aThaler, Mike | ||
| 245 |
_aThe principal from the black lagoon / _cby Mike Thaler : pictures by Jared Lee |
||
| 250 | _aFirst Scholastic printing, January 1993 | ||
| 260 |
_aNew York: _bScholastic , _c1993. |
||
| 300 |
_a32 unnumbered pages : _bcolor illustrations ; _c20 cm. |
||
| 490 |
_aBlack Lagoon _v2 |
||
| 505 | _aF | ||
| 520 | _aOn the third day of school, a young boy is sent to the principal's office and thinks about all the horrifying rumors he has heard about her. | ||
| 521 | 8 |
_a330
_bLexile |
|
| 521 | 8 |
_aF
_bRaz-Plus |
|
| 650 |
_aPrincipal _vFiction |
||
| 650 |
_aSchool life _vFiction |
||
| 700 |
_aLee, Jared _eIllustrator |
||
| 942 |
_2ddc _cBK _n0 |
||
| 999 |
_c7476 _d7476 |
||